Instituciones de Derecho Romano
Gespeichert in:
| Format: | Buch |
|---|---|
| Sprache: | Spanisch |
| Veröffentlicht: |
Santiago
Librería Central de Servati
1878
|
| Ausgabe: | 3a. ed |
| Schlagworte: | |
| Tags: |
Tag hinzufügen
Keine Tags, Fügen Sie den ersten Tag hinzu!
|
MARC
| LEADER | 00000nam a2200000 a 4500 | ||
|---|---|---|---|
| 001 | UCY4371 | ||
| 003 | CL-VaPUC | ||
| 008 | 950310e18780000CL |||||||||||||||||spa|d | ||
| 082 | 0 | 4 | |a 340.54 |b INS |2 21 |
| 245 | 1 | 0 | |a Instituciones de Derecho Romano |
| 250 | |a 3a. ed | ||
| 300 | |a 268 p | ||
| 942 | |c BK | ||
| 945 | |d 19950310 00:00:00 |a aalvarez | ||
| 260 | |a Santiago |b Librería Central de Servati |c 1878 | ||
| 650 | 0 | |a Derecho romano |9 255930 | |
| 583 | |a last modification |c 19950310 00:00:00 |k Rodrigo Vera | ||
| 999 | |c 232247 |d 232245 | ||
| 952 | |0 0 |1 0 |4 0 |6 340_540000000000000_INS_1878 |7 0 |8 DER_ROM |9 236356 |a BIBDER |b BIBDER |d 2019-11-15 |i 3062651 |o 340.54 INS 1878 |p 3062651 |r 2023-01-25 |w 2019-11-15 |x Ubicación 4to piso |y BK |z Este recurso debe solicitarse con anticipación |k DER | ||
| 952 | |0 0 |1 0 |4 0 |6 340_540000000000000_INS_1878 |7 0 |8 DER_ROM |9 236357 |a BIBDER |b BIBDER |d 2019-11-15 |i 1821792 |o 340.54 INS 1878 |p 1821792 |r 2023-01-25 |w 2019-11-15 |x Ubicación 4to piso |y BK |z Este recurso debe solicitarse con anticipación |k DER | ||